000 00961nam2a2200241 4500
001 RU\NLR\b_ik\96593
005 20250616224919.0
010 _a5-89531-057-5 (2-е изд.)
010 _a5-89531-054-0
_95000
035 _a(NLR Aleph) 002170558
090 _a2648607
_c2648607
100 _a20030408d2002 |||y0rusy50 ca
101 0 _ager
_arus
102 _aRU
105 _aabch|||||||||
200 1 _aEinheiten 21-30
210 _d2002
_aБ. м.
215 _a184 с.
_cил., факс., портр., карт.
_d29
461 0 _1001RU\NLR\b_ik\100265
_12001#$aHallo, Nachbarn!$eGrundkurs Deutsch für Erwachsene$fLydia Antonowa, Horst Breitung, Valentina Nikulina et al.$vBd. 3$90
_92694812
_cEschborn etc.
_d2002
_fLydia Antonowa, Horst Breitung, Valentina Nikulina et al.
_nDt. Ges. für techn. Zsarb. etc.
_oGrundkurs Deutsch für Erwachsene
_tHallo, Nachbarn!
_vBd. 3$90
801 0 _aRU
_bNLR
_c20030408
_gPSBO
942 _cBOOK
980 _aNB